THINK OF A LINK (Record no. 6540)
[ view plain ]
| 000 -LEADER | |
|---|---|
| fixed length control field | 00323nam a22001457a 4500 |
| 020 ## - INTERNATIONAL STANDARD BOOK NUMBER | |
| ISBN | 978-81-8477-804-5 |
| 082 ## - DEWEY DECIMAL CLASSIFICATION NUMBER | |
| Classification number | 823 |
| Item number | SAL/T |
| 100 ## - MAIN ENTRY--AUTHOR NAME | |
| Personal name | SALMAN, ANDY |
| 245 ## - TITLE STATEMENT | |
| Title | THINK OF A LINK |
| 260 ## - PUBLICATION, DISTRIBUTION, ETC. (IMPRINT) | |
| Place of publication | UK |
| Name of publisher | SCHOLASTIC CHILDREN'S BOOK |
| Year of publication | 2013 |
| 300 ## - PHYSICAL DESCRIPTION | |
| Number of Pages | 204 |
| 520 ## - SUMMARY, ETC. | |
| Summary, etc | SHORT STORY |
| 650 ## - SUBJECT ADDED ENTRY--TOPICAL TERM | |
| Topical Term | SHORT STORY |
| 942 ## - ADDED ENTRY ELEMENTS (KOHA) | |
| Koha item type | Books |
| Withdrawn status | Lost status | Collection code | Home library | Current library | Shelving location | Date acquired | Source of acquisition | Cost, normal purchase price | Full call number | Accession Number | Koha item type |
|---|---|---|---|---|---|---|---|---|---|---|---|
| Fiction | Main Library | Main Library | SHELF 15-L-CHILDREN'S STORYBOOKS | 05/10/2015 | Purchase | 275.00 | 823 SAL/T | 03720 | Books |